Farm planning and management / (Record no. 14804)
[ view plain ]
| 000 -LEADER | |
|---|---|
| fixed length control field | 00720nam a22002292 4500 |
| 001 - CONTROL NUMBER | |
| control field | 14804 |
| 003 - CONTROL NUMBER IDENTIFIER | |
| rucl marc code | BD-RjUL |
| 005 - DATE AND TIME OF LATEST TRANSACTION | |
| control field | 20211208235709.0 |
| 008 - FIXED-LENGTH DATA ELEMENTS--GENERAL INFORMATION | |
| fixed length control field | 140208s1961 enka 001 0 eng d |
| 035 ## - SYSTEM CONTROL NUMBER | |
| System control number | OCLC ocm09070943 from D970721M |
| -- | (BD-RjUL)14858 |
| 040 ## - CATALOGING SOURCE | |
| Original cataloging agency | SOI |
| Transcribing agency | SOI |
| Modifying agency | UKM |
| -- | EQO |
| -- | BD-RjUL |
| Language of cataloging | eng |
| 041 ## - LANGUAGE CODE | |
| Language code of text/sound track or separate title | eng |
| 082 ## - DEWEY DECIMAL CLASSIFICATION NUMBER | |
| Classification number | 630 |
| Author mark and year | BLF 1961 |
| 100 1# - MAIN ENTRY--PERSONAL NAME | |
| Personal name | Blagburn, Charles Henry. |
| 9 (RLIN) | 46110 |
| 245 10 - TITLE STATEMENT | |
| Title | Farm planning and management / |
| Statement of responsibility, etc. | C. H. Blagburn, |
| 260 ## - PUBLICATION, DISTRIBUTION, ETC. (IMPRINT) | |
| Place of publication, distribution, etc. | London : |
| Name of publisher, distributor, etc. | Longmans, |
| Date of publication, distribution, etc. | c1961 |
| 300 ## - PHYSICAL DESCRIPTION | |
| Pagination | ix, 372 p. : |
| Illustrations | illus., tables. ; |
| Size | 23 cm. |
| 504 ## - BIBLIOGRAPHY, ETC. NOTE | |
| Bibliography, etc | Includes bibliography. |
| 650 #0 - SUBJECT ADDED ENTRY--TOPICAL TERM | |
| Topical term or geographic name as entry element | Agriculture |
| General subdivision | Economic aspects |
| Geographic subdivision | Great Britain |
| 9 (RLIN) | 46111 |
| Topical term or geographic name as entry element | Farm management. |
| 9 (RLIN) | 46112 |
| 942 ## - ADDED ENTRY ELEMENTS (KOHA) | |
| Source of classification or shelving scheme | Dewey Decimal Classification |
| Koha item type | Books |
| Lost status | Source of classification or shelving scheme | Damaged status | Not for loan | Collection code | Permanent Location | Current Location | Shelving location | Date acquired | Source of acquisition | Cost, normal purchase price | Total Checkouts | Full call number | Date last seen | Copy number | Koha item type |
|---|---|---|---|---|---|---|---|---|---|---|---|---|---|---|---|
| Dewey Decimal Classification | Non-fiction | Central Library, University of Rajshahi | Central Library, University of Rajshahi | 15/06/1963 | Zeitlinger | 45.00 | 630 BLF 1961 | 08/02/2014 | C-2 | Books | |||||
| Dewey Decimal Classification | Not For Loan | Non-fiction | Central Library, University of Rajshahi | Central Library, University of Rajshahi | Reading Room | 18/03/1963 | Zeitlinger | 45.00 | 630 BLF 1961 | 24/12/2018 | C-1 | Books |